[Event "Altea Cap Negret op 65+ 1st"]
[Site "Altea"]
[Date "2023.11.18"]
[Round "8"]
[White "Ponce Navalon, Jose"]
[Black "Page, Mark"]
[Result "1/2-1/2"]
[WhiteElo "2129"]
[BlackElo "2052"]
[PlyCount "57"]
[EventDate "2023.11.12"]
[EventType "swiss"]
[EventRounds "8"]
[EventCountry "ESP"]
[SourceTitle "CB49_2023"]
[SourceDate "2023.12.06"]
[SourceVersion "1"]
[SourceVersionDate "2023.12.06"]
[SourceQuality "1"]

1. e4 c5 2. c3 d6 3. Nf3 Nf6 4. Bd3 g6 5. 0-0 Bg7 6. Bc2 Nc6 7. d4 cxd4 8. cxd4 Bg4 9. Be3 0-0 10. Nbd2 e5 11. Nb3 d5 12. h3 exd4 13. Nbxd4 Bxf3 14. gxf3 Re8 15. Nxc6 bxc6 16. Ba4 Rc8 17. Rc1 Qd7 18. Kg2 Qe6 19. Bb3 Qe5 20. Qd4 Qh5 21. Qxa7 dxe4 22. fxe4 Rxe4 23. Rc5 Qh4 24. Qxf7+ Kh8 25. Qb7 Ree8 26. Rc4 Qh5 27. Rc5 Qh4 28. Rc4 Qh5 29. Rc5 1/2-1/2

[Event "BCF-chT3W 2223 (4NCL)"]
[Site "England"]
[Date "2023.01.15"]
[Round "4.26"]
[White "Page, Mark"]
[Black "Bailey, Adrian"]
[Result "1-0"]
[WhiteElo "2145"]
[BlackElo "1820"]
[PlyCount "81"]
[EventDate "2022.10.22"]
[EventType "team-tourn"]
[EventRounds "11"]
[EventCountry "ENG"]
[SourceTitle "EXT 2024"]
[Source "ChessBase"]
[SourceDate "2023.10.10"]
[SourceVersion "1"]
[SourceVersionDate "2023.10.10"]
[SourceQuality "1"]
[WhiteTeam "Warwicks Select"]
[BlackTeam "Shropshire and Friends"]
[WhiteTeamCountry "ENG"]
[BlackTeamCountry "ENG"]

1. e4 e5 2. Nf3 Nf6 3. d4 exd4 4. e5 Nd5 5. Qxd4 Nb6 6. Nc3 Nc6 7. Qe4 Be7 8. Bf4 0-0 9. 0-0-0 f5 10. Qe3 d5 11. exd6 Bxd6 12. Bxd6 cxd6 13. Qf4 d5 14. h4 Be6 15. Nb5 Qd7 16. Nbd4 Rad8 17. Bb5 Qd6 18. Nxe6 Qxe6 19. Rhe1 Qd6 20. Qxd6 Rxd6 21. c4 Rc8 22. c5 Nb4 23. Re8+ Rxe8 24. Bxe8 Rd8 25. cxb6 Rxe8 26. a3 Nc6 27. bxa7 Nxa7 28. Rxd5 g6 29. Rd7 Rb8 30. Ne5 Rc8+ 31. Kd2 Nc6 32. Nxc6 bxc6 33. a4 Ra8 34. b3 Ra5 35. Kd3 Re5 36. Rc7 Re4 37. a5 Rb4 38. a6 Rxb3+ 39. Kc4 Rb8 40. a7 Ra8 41. Rb7 1-0

[Event "WchT Seniors 65"]
[Site "Acqui Terme"]
[Date "2022.06.20"]
[Round "1.2"]
[White "Nunn, John DM"]
[Black "Page, Mark"]
[Result "1-0"]
[WhiteElo "2568"]
[BlackElo "2109"]
[PlyCount "69"]
[EventDate "2022.06.20"]
[EventType "team-tourn"]
[EventRounds "9"]
[EventCountry "ITA"]
[SourceTitle "CBM 209 Extra"]
[Source "ChessBase"]
[SourceDate "2022.09.30"]
[SourceVersion "1"]
[SourceVersionDate "2022.09.30"]
[SourceQuality "1"]
[WhiteTeam "England 65"]
[BlackTeam "England 65 II"]
[WhiteTeamCountry "ENG"]
[BlackTeamCountry "ENG"]

1. e4 c5 2. Nf3 d6 3. d4 cxd4 4. Nxd4 Nf6 5. Nc3 a6 6. Be3 e5 7. Nb3 Be6 8. f3 Nbd7 9. g4 b5 10. g5 b4 11. Ne2 Nh5 12. Qd2 Be7 13. Ng3 Nxg3 14. hxg3 a5 15. f4 Qc7 16. f5 Bc4 17. Bxc4 Qxc4 18. Qd3 Qc6 19. 0-0-0 a4 20. Nd2 Rc8 21. Kb1 0-0 22. Rh2 Rfd8 23. b3 axb3 24. cxb3 Qc3 25. Qxc3 Rxc3 26. Nc4 Nf8 27. Rc2 Nd7 28. Rxc3 bxc3 29. Kc2 f6 30. Nxd6 Ra8 31. a4 fxg5 32. Nc4 Nc5 33. Rd5 Nxe4 34. Rxe5 Nxg3 35. Rxe7 1-0

[Event "BCF-chT 2122 (4NCL)"]
[Site "England"]
[Date "2022.05.02"]
[Round "9.127"]
[White "Ashworth, Robert M"]
[Black "Page, Mark"]
[Result "1/2-1/2"]
[WhiteElo "1575"]
[BlackElo "2115"]
[PlyCount "51"]
[EventDate "2021.11.27"]
[EventType "team-swiss"]
[EventRounds "11"]
[EventCountry "ENG"]
[SourceTitle "EXT 2023"]
[Source "ChessBase"]
[SourceDate "2022.10.05"]
[SourceVersion "1"]
[SourceVersionDate "2022.10.05"]
[SourceQuality "1"]
[WhiteTeam "Check Innmates"]
[BlackTeam "Warwicks Select"]
[WhiteTeamCountry "ENG"]
[BlackTeamCountry "ENG"]

1. e4 c5 2. Nf3 d6 3. Bb5+ Bd7 4. Bxd7+ Qxd7 5. c4 g6 6. Nc3 Bg7 7. d4 cxd4 8. Nxd4 Nf6 9. f3 0-0 10. Be3 Rc8 11. b3 Nc6 12. 0-0 Qd8 13. Qd2 a6 14. Rac1 Nxd4 15. Bxd4 Qa5 16. Rfd1 b5 17. cxb5 axb5 18. Qd3 b4 19. Na4 Nd7 20. Bxg7 Kxg7 21. Qd4+ Kg8 22. Rc4 Rxc4 23. Qxc4 Nb6 24. Nxb6 Qxb6+ 25. Qd4 Qxd4+ 26. Rxd4 1/2-1/2

[Event "BCF-chT 2122 (4NCL)"]
[Site "England"]
[Date "2022.05.01"]
[Round "8.96"]
[White "Payne, Matthew"]
[Black "Page, Mark"]
[Result "1-0"]
[WhiteElo "2158"]
[BlackElo "2115"]
[PlyCount "57"]
[EventDate "2021.11.27"]
[EventType "team-swiss"]
[EventRounds "11"]
[EventCountry "ENG"]
[SourceTitle "EXT 2023"]
[Source "ChessBase"]
[SourceDate "2022.10.05"]
[SourceVersion "1"]
[SourceVersionDate "2022.10.05"]
[SourceQuality "1"]
[WhiteTeam "Sussex Martlets"]
[BlackTeam "Warwicks Select"]
[WhiteTeamCountry "ENG"]
[BlackTeamCountry "ENG"]

1. e4 c5 2. Nf3 d6 3. d4 cxd4 4. Qxd4 Nc6 5. Bb5 Bd7 6. Bxc6 Bxc6 7. Nc3 Nf6 8. Bg5 e6 9. 0-0-0 Be7 10. Rhe1 0-0 11. Kb1 Qc7 12. Qd2 Rac8 13. Nd4 Rfd8 14. f4 h6 15. h4 d5 16. Bxf6 Bxf6 17. e5 Be7 18. Re3 b5 19. Rh1 b4 20. Nce2 Bf8 21. g4 Re8 22. g5 h5 23. g6 fxg6 24. Rg3 Qf7 25. Qd3 Re7 26. Rxg6 Be8 27. Rhg1 Kh8 28. R1g5 Kg8 29. Rf6 1-0

[Event "BCF-chT 2122 (4NCL)"]
[Site "England"]
[Date "2022.04.30"]
[Round "7.118"]
[White "Page, Mark"]
[Black "Tarling, Adam"]
[Result "1-0"]
[WhiteElo "2115"]
[BlackElo "1384"]
[PlyCount "39"]
[EventDate "2021.11.27"]
[EventType "team-swiss"]
[EventRounds "11"]
[EventCountry "ENG"]
[SourceTitle "EXT 2023"]
[Source "ChessBase"]
[SourceDate "2022.10.05"]
[SourceVersion "1"]
[SourceVersionDate "2022.10.05"]
[SourceQuality "1"]
[WhiteTeam "Warwicks Select"]
[BlackTeam "Guildford Castles"]
[WhiteTeamCountry "ENG"]
[BlackTeamCountry "ENG"]

1. e4 e5 2. Nf3 Nc6 3. Bb5 a6 4. Ba4 Nf6 5. d4 exd4 6. 0-0 b5 7. Bb3 d6 8. Bd5 Nxd5 9. exd5 Ne5 10. Nxd4 Bb7 11. Re1 g5 12. Qh5 Bxd5 13. Nc3 Bc4 14. Bxg5 Qd7 15. f4 c5 16. fxe5 cxd4 17. exd6+ Be6 18. Nd5 Qb7 19. Rxe6+ Kd7 20. Qxf7+ 1-0

[Event "BCF-chT 2122 (4NCL)"]
[Site "England"]
[Date "2021.11.27"]
[Round "1.27"]
[White "Kolbus, Dietmar"]
[Black "Page, Mark"]
[Result "1-0"]
[WhiteElo "2305"]
[BlackElo "2115"]
[PlyCount "57"]
[EventDate "2021.11.27"]
[EventType "team-swiss"]
[EventRounds "11"]
[EventCountry "ENG"]
[SourceTitle "EXT 2023"]
[Source "ChessBase"]
[SourceDate "2022.10.05"]
[SourceVersion "1"]
[SourceVersionDate "2022.10.05"]
[SourceQuality "1"]
[WhiteTeam "Chess.com Manx Liberty"]
[BlackTeam "Warwicks Select"]
[WhiteTeamCountry "ENG"]
[BlackTeamCountry "ENG"]

1. c4 g6 2. Nc3 Bg7 3. d4 Nf6 4. e4 d6 5. Bd3 0-0 6. Nge2 Nc6 7. f3 Nd7 8. Be3 e5 9. d5 Nd4 10. Nb5 Nxe2 11. Qxe2 a6 12. Nc3 f5 13. 0-0-0 Nc5 14. Bc2 fxe4 15. Nxe4 Nxe4 16. Bxe4 b5 17. c5 Bf5 18. h4 Bxe4 19. fxe4 Qe7 20. c6 Bf6 21. g3 b4 22. Rdf1 a5 23. Qg4 Kh8 24. h5 gxh5 25. Qxh5 Rf7 26. g4 Rg7 27. Qf5 Bg5 28. Rxh7+ Rxh7 29. Bxg5 1-0

[Event "BCF-chT2a 1920 (4NCL)"]
[Site "Daventry"]
[Date "2020.02.29"]
[Round "1.28"]
[White "Moreby, Kurt E"]
[Black "Page, Mark"]
[Result "0-1"]
[WhiteElo "1628"]
[BlackElo "2133"]
[PlyCount "80"]
[EventDate "2020.01.11"]
[EventType "team-tourn"]
[EventRounds "11"]
[EventCountry "ENG"]
[SourceTitle "CBM 195 Extra"]
[Source "ChessBase"]
[SourceDate "2020.05.31"]
[SourceVersion "1"]
[SourceVersionDate "2020.05.31"]
[SourceQuality "1"]
[WhiteTeam "North East England"]
[BlackTeam "Warwicks Select"]
[WhiteTeamCountry "ENG"]
[BlackTeamCountry "ENG"]

1. d4 Nf6 2. c4 g6 3. Nc3 Bg7 4. e4 d6 5. Be2 Na6 6. Be3 0-0 7. g4 c5 8. d5 Nc7 9. h4 e6 10. h5 exd5 11. exd5 Qe7 12. hxg6 fxg6 13. g5 Ne4 14. Qc1 Nxc3 15. bxc3 Qe4 16. f3 Qe5 17. Bd2 Qg3+ 18. Kf1 Bf5 19. Qe1 Qxe1+ 20. Rxe1 Rae8 21. Nh3 Na8 22. Nf2 Nb6 23. Kg2 Na4 24. Ne4 Rxe4 25. fxe4 Bxe4+ 26. Kg1 Bxh1 27. Kxh1 Re8 28. Bg4 Rxe1+ 29. Bxe1 Nxc3 30. Bg3 Ne4 31. Be6+ Kf8 32. Bf4 Be5 33. Bc1 Bc3 34. Bf4 Bd2 35. Bh2 Ke7 36. Bg8 Nxg5 37. Bg3 h5 38. Bh4 Kf8 39. Be6 Nxe6 40. dxe6 g5 0-1

[Event "BCF-chT2a 1920 (4NCL)"]
[Site "Daventry"]
[Date "2020.02.09"]
[Round "6.37"]
[White "Busuioc, Alexandra"]
[Black "Page, Mark"]
[Result "0-1"]
[WhiteElo "1921"]
[BlackElo "2133"]
[PlyCount "138"]
[EventDate "2020.01.11"]
[EventType "team-tourn"]
[EventRounds "11"]
[EventCountry "ENG"]
[SourceTitle "CBM 194 Extra"]
[Source "ChessBase"]
[SourceDate "2020.03.31"]
[SourceVersion "1"]
[SourceVersionDate "2020.03.31"]
[SourceQuality "1"]
[WhiteTeam "Chessable White Rose II"]
[BlackTeam "Warwicks Select"]
[WhiteTeamCountry "ENG"]
[BlackTeamCountry "ENG"]

1. e4 c5 2. Nf3 d6 3. d4 cxd4 4. Nxd4 Nf6 5. Nc3 a6 6. Be3 e5 7. Nf3 Qc7 8. Be2 Be7 9. 0-0 0-0 10. Nd2 b5 11. Nd5 Nxd5 12. exd5 Bf5 13. c4 b4 14. Qb3 a5 15. Bd3 a4 16. Qc2 Bxd3 17. Qxd3 f5 18. g3 Nd7 19. b3 e4 20. Qc2 Bf6 21. Rad1 axb3 22. Nxb3 Bc3 23. Qe2 Rac8 24. c5 dxc5 25. d6 Qc6 26. Qc4+ Kh8 27. Na5 Qb6 28. Qe6 Qxa5 29. Qxd7 Qxa2 30. Qb7 Rb8 31. Qc7 Bd4 32. d7 Rbd8 33. Bxd4 cxd4 34. Rxd4 b3 35. Qc4 Qa7 36. Rfd1 Qb7 37. Qb4 Qxb4 38. Rxb4 Rf7 39. Rxb3 Kg8 40. Rb8 Rxb8 41. d8Q+ Rxd8 42. Rxd8+ Rf8 43. Rd7 g6 44. Kf1 Rf7 45. Rd8+ Kg7 46. Ke2 Ra7 47. h4 Kh6 48. Rd5 Kh5 49. Rb5 Kg4 50. Rb4 Kh3 51. Rb2 Kg2 52. Ke3 Ra3+ 53. Ke2 Rf3 54. Ke1 e3 55. fxe3+ Kxg3 56. Rb7 Rxe3+ 57. Kf1 Kxh4 58. Rxh7+ Kg4 59. Rg7 g5 60. Kf2 Ra3 61. Rg8 f4 62. Rg7 Ra2+ 63. Kg1 Kh4 64. Rf7 Kg3 65. Kf1 f3 66. Ke1 f2+ 67. Kf1 Ra1+ 68. Ke2 Re1+ 69. Kd2 f1Q 0-1

[Event "GBR-ch 65+ 106th"]
[Site "Torquay"]
[Date "2019.08.01"]
[Round "4.3"]
[White "Page, Mark"]
[Black "Habershon, Paul F"]
[Result "1-0"]
[WhiteElo "2102"]
[BlackElo "2017"]
[PlyCount "89"]
[EventDate "2019.07.29"]
[EventType "swiss"]
[EventRounds "7"]
[EventCountry "ENG"]
[SourceTitle "EXT 2021"]
[Source "ChessBase"]
[SourceDate "2020.10.23"]
[SourceVersion "1"]
[SourceVersionDate "2020.10.23"]
[SourceQuality "1"]

1. e4 Nf6 2. e5 Nd5 3. d4 d6 4. Nf3 Bg4 5. Be2 c6 6. 0-0 Bxf3 7. Bxf3 dxe5 8. dxe5 e6 9. Qe2 Nd7 10. c4 Ne7 11. Bf4 Ng6 12. Bg3 Qa5 13. Re1 Bb4 14. Nc3 Bxc3 15. bxc3 0-0 16. h4 Qxc3 17. h5 Ne7 18. Rac1 Qa5 19. Be4 Nc5 20. Bb1 Nf5 21. Bf4 Rad8 22. h6 g6 23. Bg5 Nd4 24. Qe3 Rd7 25. g4 f5 26. exf6 Kf7 27. Bf4 Na4 28. Kg2 c5 29. Be5 Re8 30. Be4 Qd8 31. Qa3 Nb6 32. Qxc5 Nc6 33. Bxc6 bxc6 34. Qxc6 Qa8 35. Qxa8 Rxa8 36. c5 Nd5 37. c6 Rdd8 38. g5 a5 39. Re2 Nb4 40. c7 Rdc8 41. Rd2 Nd5 42. a3 Ra6 43. Rb2 Ke8 44. Rb8 Nb6 45. Rc6 1-0

[Event "WchT Seniors 65"]
[Site "Rhodes"]
[Date "2019.04.17"]
[Round "2.5"]
[White "Renman, Nils Gustaf"]
[Black "Page, Mark"]
[Result "1-0"]
[WhiteElo "2358"]
[BlackElo "2107"]
[PlyCount "65"]
[EventDate "2019.04.16"]
[EventType "team-swiss"]
[EventRounds "9"]
[EventCountry "GRE"]
[SourceTitle "CBM 190 Extra"]
[Source "ChessBase"]
[SourceDate "2019.07.15"]
[SourceVersion "1"]
[SourceVersionDate "2019.07.15"]
[SourceQuality "1"]
[WhiteTeam "Sweden"]
[BlackTeam "England II"]
[WhiteTeamCountry "SWE"]
[BlackTeamCountry "ENG"]

1. d4 Nf6 2. Nf3 g6 3. c4 Bg7 4. Nc3 d6 5. e4 0-0 6. Be3 c5 7. d5 Ng4 8. Bg5 h6 9. Bh4 g5 10. Bg3 Nf6 11. h4 g4 12. Nh2 Nh5 13. Nxg4 Nxg3 14. fxg3 f5 15. exf5 Bxf5 16. Bd3 Qd7 17. Ne3 Bxd3 18. Qxd3 Na6 19. 0-0-0 Nc7 20. Rhf1 e6 21. Qg6 Rxf1 22. Rxf1 Qe8 23. Qxe8+ Rxe8 24. Kd2 Bxc3+ 25. bxc3 Kg7 26. a4 Kg6 27. g4 exd5 28. h5+ Kg5 29. Rf5+ Kh4 30. cxd5 Re5 31. g3+ Kxg3 32. Rxe5 dxe5 33. g5 1-0

[Event "BCF-chT2a 1819 (4NCL)"]
[Site "England"]
[Date "2018.11.11"]
[Round "2.46"]
[White "Gardiner, Eric D"]
[Black "Page, Mark"]
[Result "1/2-1/2"]
[WhiteElo "1907"]
[BlackElo "2153"]
[PlyCount "70"]
[EventDate "2018.11.10"]
[EventType "team-tourn"]
[EventRounds "11"]
[EventCountry "ENG"]
[SourceTitle "EXT 2021"]
[Source "ChessBase"]
[SourceDate "2020.10.23"]
[SourceVersion "1"]
[SourceVersionDate "2020.10.23"]
[SourceQuality "1"]
[WhiteTeam "Bradford DCA Knights"]
[BlackTeam "Warwicks Select"]
[WhiteTeamCountry "ENG"]
[BlackTeamCountry "ENG"]

1. e4 c5 2. c3 d6 3. d4 Nf6 4. Bd3 Nc6 5. Nf3 cxd4 6. cxd4 e5 7. d5 Nb8 8. h3 g6 9. Nc3 Bg7 10. Qa4+ Nbd7 11. Be3 0-0 12. 0-0 Nc5 13. Bxc5 dxc5 14. Qc4 Qe7 15. Rad1 Ne8 16. Bb1 b6 17. a4 Nd6 18. Qe2 Bd7 19. Nd2 f5 20. Nc4 Nxc4 21. Qxc4 Qh4 22. d6+ Kh8 23. Nd5 Be6 24. Qe2 Rad8 25. Nc7 Bd7 26. b3 f4 27. f3 Rf6 28. Rd2 Bf8 29. Rfd1 g5 30. Nb5 h5 31. Qf2 Qxf2+ 32. Kxf2 Bxb5 33. axb5 Rfxd6 34. Rxd6 Rxd6 35. Rxd6 Bxd6 1/2-1/2

[Event "BCF-ch Seniors 50"]
[Site "Llandudno"]
[Date "2017.08.05"]
[Round "7"]
[White "Shepherd, David"]
[Black "Page, Mark"]
[Result "0-1"]
[WhiteElo "1924"]
[BlackElo "2124"]
[PlyCount "108"]
[EventDate "2017.07.30"]
[EventType "swiss"]
[EventRounds "7"]
[EventCountry "WLS"]
[SourceTitle "CBM 179 Extra"]
[Source "ChessBase"]
[SourceDate "2017.08.23"]
[SourceVersion "1"]
[SourceVersionDate "2017.08.23"]
[SourceQuality "1"]

1. d4 Nf6 2. Bf4 g6 3. Nc3 d5 4. h4 Bg7 5. Qd2 c6 6. 0-0-0 Bf5 7. f3 h5 8. Nh3 b5 9. Nf2 b4 10. Nb1 a5 11. e3 Nbd7 12. Bd3 Bxd3 13. Nxd3 Qb6 14. Rde1 Rc8 15. a3 c5 16. axb4 axb4 17. Kd1 cxd4 18. Qxb4 Qc6 19. Na3 dxe3 20. Rxe3 0-0 21. Rxe7 d4 22. Qb5 Nb6 23. Qxc6 Rxc6 24. Nb4 Rcc8 25. Bd2 Rfd8 26. Rhe1 Na4 27. Kc1 d3 28. Ra7 Nxb2 29. c3 Nc4 30. Nxc4 Rxc4 31. Re3 Bh6 32. Rxd3 Rxd3 33. Nxd3 Rxc3+ 34. Kb2 Bxd2 35. Ne5 Rc5 36. Nxf7 Ne8 37. Rd7 Rf5 38. Kc2 Rxf7 39. Rxd2 Rf4 40. Re2 Kf7 41. Kd2 Rxh4 42. Ke3 Ra4 43. Rb2 Nd6 44. Kf2 Nf5 45. Kg1 Kf6 46. Kf2 h4 47. Kg1 Kg5 48. Kf2 Kf4 49. Rc2 g5 50. Rb2 Nd4 51. Rb1 Ra2+ 52. Kf1 Kg3 53. f4 Rf2+ 54. Ke1 Nc2+ 0-1

[Event "BCF-ch Seniors 50"]
[Site "Llandudno"]
[Date "2017.08.01"]
[Round "3"]
[White "Smith, Peter R"]
[Black "Page, Mark"]
[Result "1/2-1/2"]
[WhiteElo "2062"]
[BlackElo "2124"]
[PlyCount "80"]
[EventDate "2017.07.30"]
[EventType "swiss"]
[EventRounds "7"]
[EventCountry "WLS"]
[SourceTitle "CBM 179 Extra"]
[Source "ChessBase"]
[SourceDate "2017.08.23"]
[SourceVersion "1"]
[SourceVersionDate "2017.08.23"]
[SourceQuality "1"]

1. Nf3 Nf6 2. c4 g6 3. Nc3 Bg7 4. g3 0-0 5. Bg2 d6 6. d3 Nc6 7. Bd2 h6 8. Rb1 a5 9. a3 e5 10. b4 axb4 11. axb4 Nh5 12. b5 Ne7 13. Nd5 f5 14. b6 Nxd5 15. cxd5 cxb6 16. 0-0 Nf6 17. Qb3 Kh7 18. Be3 Nd7 19. Bxb6 Nxb6 20. Qxb6 Ra5 21. Rfc1 Qxb6 22. Rxb6 e4 23. Ne1 Rxd5 24. dxe4 Rd2 25. exf5 Bxf5 26. Rxb7 Rxe2 27. Bf1 Rb2 28. Re7 Rc8 29. Rxc8 Bxc8 30. Nd3 Rb1 31. Re1 Rxe1 32. Nxe1 Bc3 33. Nd3 g5 34. Bg2 Kg6 35. Be4+ Bf5 36. Bxf5+ Kxf5 37. f3 h5 38. h3 g4 39. hxg4+ hxg4 40. Kg2 gxf3+ 1/2-1/2

[Event "BCF-chT2 1617 (4NCL) Demotion pool"]
[Site "England"]
[Date "2017.04.30"]
[Round "10.53"]
[White "Povah, Nigel Edward"]
[Black "Page, Mark"]
[Result "1-0"]
[WhiteElo "2276"]
[BlackElo "2140"]
[PlyCount "77"]
[EventDate "2016.11.19"]
[EventType "team-tourn"]
[EventRounds "11"]
[EventCountry "ENG"]
[SourceTitle "EXT 2019"]
[Source "ChessBase"]
[SourceDate "2018.10.10"]
[SourceVersion "1"]
[SourceVersionDate "2018.10.10"]
[SourceQuality "1"]
[WhiteTeam "Guildford III"]
[BlackTeam "Warwicks Select II"]
[WhiteTeamCountry "ENG"]
[BlackTeamCountry "ENG"]

1. d4 g6 2. e4 Bg7 3. Nc3 c6 4. Be3 d5 5. Qd2 dxe4 6. Nxe4 Nd7 7. f3 Nb6 8. c4 Nf6 9. 0-0-0 0-0 10. Bh6 Nxe4 11. fxe4 Bg4 12. Nf3 e5 13. dxe5 Qxd2+ 14. Bxd2 Rfd8 15. h3 Bxf3 16. gxf3 Bxe5 17. b3 Rd4 18. Be2 Rad8 19. Be3 Rxd1+ 20. Rxd1 Rxd1+ 21. Kxd1 Kg7 22. a4 Bc3 23. Bc5 h5 24. Kc2 Be5 25. Be3 Nc8 26. f4 Ba1 27. Kd3 b6 28. b4 Nd6 29. c5 bxc5 30. Bxc5 Nc8 31. a5 Bb2 32. e5 Bc1 33. Ke4 f5+ 34. Kf3 Kf7 35. Ba6 Ne7 36. Bxa7 Nd5 37. Bc4 Ke8 38. Bxd5 cxd5 39. Be3 1-0

[Event "BCF-chT2 1617 (4NCL) Demotion pool"]
[Site "England"]
[Date "2017.04.29"]
[Round "9.52"]
[White "Gayson, Peter"]
[Black "Page, Mark"]
[Result "1-0"]
[WhiteElo "2163"]
[BlackElo "2140"]
[PlyCount "75"]
[EventDate "2016.11.19"]
[EventType "team-tourn"]
[EventRounds "11"]
[EventCountry "ENG"]
[SourceTitle "EXT 2019"]
[Source "ChessBase"]
[SourceDate "2018.10.10"]
[SourceVersion "1"]
[SourceVersionDate "2018.10.10"]
[SourceQuality "1"]
[WhiteTeam "White Rose II"]
[BlackTeam "Warwicks Select II"]
[WhiteTeamCountry "ENG"]
[BlackTeamCountry "ENG"]

1. e4 c5 2. Nf3 d6 3. d4 cxd4 4. Nxd4 Nf6 5. Nc3 a6 6. f4 Qc7 7. Nf3 e5 8. a4 Be7 9. Bd3 0-0 10. 0-0 exf4 11. Kh1 Nc6 12. Bxf4 Ne5 13. Qe1 Be6 14. Nd4 Rac8 15. Rd1 Rfe8 16. h3 Qb6 17. Nxe6 fxe6 18. Rb1 Rf8 19. Be3 Qc6 20. Qe2 Qe8 21. Bg1 Qg6 22. Bh2 Nfd7 23. Qe3 Nc5 24. Rbd1 Qg5 25. Bf4 Qg6 26. Be2 h6 27. Bxe5 Rxf1+ 28. Bxf1 dxe5 29. b4 Bg5 30. Qe1 Nxa4 31. Nxa4 Rxc2 32. Nc5 a5 33. Nd3 axb4 34. Qxb4 Qh5 35. Ra1 Be3 36. Ra8+ Kh7 37. Qf8 Qd1 38. Nxe5 1-0

[Event "Perth Congress"]
[Site "Perth"]
[Date "2017.02.19"]
[Round "4"]
[White "Page, Mark"]
[Black "Abdulla, Murad"]
[Result "1-0"]
[WhiteElo "2117"]
[BlackElo "2126"]
[PlyCount "173"]
[EventDate "2017.02.17"]
[EventType "swiss"]
[EventRounds "5"]
[EventCountry "SCO"]
[SourceTitle "CBM 176 Extra"]
[Source "ChessBase"]
[SourceDate "2017.03.02"]
[SourceVersion "1"]
[SourceVersionDate "2017.03.02"]
[SourceQuality "1"]

1. e4 c5 2. Nc3 a6 3. f4 b5 4. g3 Bb7 5. Bg2 e6 6. d3 b4 7. Nb1 d5 8. Qe2 Nc6 9. Nf3 Nf6 10. e5 Ng8 11. 0-0 Nge7 12. Be3 Nf5 13. Bf2 h5 14. Nbd2 Rc8 15. c3 a5 16. h3 Be7 17. g4 hxg4 18. hxg4 Nh4 19. Nxh4 Bxh4 20. Nf3 Bxf2+ 21. Rxf2 Kd7 22. Qe3 Qe7 23. f5 Kc7 24. cxb4 cxb4 25. Rc1 Kb8 26. Qf4 Ka8 27. Rfc2 Na7 28. f6 Qf8 29. Rxc8+ Nxc8 30. Rc7 Rg8 31. g5 Kb8 32. Rc2 Qd8 33. Qd4 gxf6 34. gxf6 Na7 35. Qc5 Nc6 36. Kf1 Qd7 37. a3 Rc8 38. Qb6 Qc7 39. Qb5 Qd7 40. axb4 axb4 41. Qb6 Qc7 42. Qe3 Qa5 43. d4 Qa1+ 44. Qc1 Qa6+ 45. Kf2 Qb6 46. Qe3 Rg8 47. Bh3 Qa7 48. Rd2 Qb6 49. Ng5 Qc7 50. Qf4 Rh8 51. Kg3 Nd8 52. Qf2 Rg8 53. Kh4 Qc1 54. Bg2 Rh8+ 55. Kg4 Rg8 56. Bf1 Nc6 57. Bb5 Nd8 58. Kf4 Qb1 59. Bd3 Qh1 60. Qh2 Qe1 61. Qf2 Qc1 62. Kg4 Nc6 63. Bh7 Rf8 64. Kg3 Na5 65. Nf3 Nc4 66. Rc2 Qh6 67. Qh2 Qe3 68. Qe2 Qb3 69. Kf2 Rh8 70. Qd3 Qa2 71. b3 Nb2 72. Qd2 Rxh7 73. Rxb2 Qa3 74. Qc2 Rh8 75. Ra2 Rc8 76. Qb2 Qxb2+ 77. Rxb2 Ba6 78. Ng5 Rc7 79. Ke3 Rc3+ 80. Kf4 Rc7 81. Rh2 Bd3 82. Rh8+ Kb7 83. Rg8 Bb5 84. Rf8 Ba4 85. Rxf7 Rxf7 86. Nxf7 Kc7 87. Nd6 1-0